Toutes les communes du Pas-de-Calais sur une carte - Statistiques

Statistiques générales
  • Ce quiz a été pris 1 554 fois
  • Le résultat moyen est 81 sur 890
Réponses sur la Carte
Les réponses sont colorées sur une échelle allant du rouge au vert en fonction du pourcentage des utilisateurs qui les ont devinées à leur premier essai. Vous pouvez retrouver ces pourcentages ci-dessous.
 
Statistiques - réponses
Population Commune % Correct
67 544 Calais
91%
42 337 Arras
85%
32 458 Lens
83%
40 588 Boulogne-sur-Mer
82%
4 226 Le Touquet-Paris-Plage
74%
13 442 Berck
71%
14 782 Saint-Omer
69%
1 109 Saint-Omer-Capelle
69%
24 983 Béthune
67%
30 102 Liévin
55%
25 886 Hénin-Beaumont
54%
527 Hénin-sur-Cojeul
52%
297 Noyelle-Vion
50%
6 311 Wimereux
48%
21 953 Bruay-la-Buissière
45%
1 913 Montreuil-sur-Mer
45%
268 Boiry-Saint-Martin
43%
1 671 Sainte-Marie-Kerque
43%
10 813 Étaples
42%
2 218 Hesdin
42%
1 891 Hesdin-l'Abbé
42%
344 Vieil-Hesdin
42%
401 Beaumerie-Saint-Martin
40%
445 Cavron-Saint-Martin
40%
11 165 Saint-Martin-Boulogne
40%
5 970 Saint-Martin-lez-Tatinghem
40%
463 Saint-Martin-Choquel
39%
275 Saint-Martin-d'Hardinghem
39%
211 Saint-Martin-sur-Cojeul
39%
4 870 Saint-Pol-sur-Ternoise
39%
850 Wissant
39%
174 Tigny-Noyelle
38%
13 178 Outreau
37%
17 667 Carvin
35%
3 748 Neufchâtel-Hardelot
35%
9 610 Aire-sur-la-Lys
34%
17 676 Avion
34%
3 389 Merlimont
33%
4 840 Sangatte
33%
8 985 Le Portel
31%
11 638 Nœux-les-Mines
31%
10 523 Marck
30%
184 Nœux-lès-Auxi
30%
9 521 Arques
29%
5 094 Cucq
29%
4 861 Desvres
29%
9 866 Lillers
29%
10 600 Longuenesse
29%
6 904 Loos-en-Gohelle
28%
6 522 Saint-Laurent-Blangy
28%
4 332 Vimy
28%
2 601 Coquelles
27%
5 072 Marquise
27%
1 998 Ambleteuse
26%
3 749 Bapaume
26%
12 080 Bully-les-Mines
26%
3 937 Wimille
26%
628 Audresselles
25%
5 630 Oye-Plage
25%
3 653 Sainte-Catherine
25%
4 404 Ardres
24%
10 221 Auchel
24%
9 164 Beuvry
24%
5 581 Guînes
23%
5 864 Noyelles-Godault
23%
4 659 Saint-Nicolas
23%
4 656 Samer
23%
534 Auchy-au-Bois
22%
1 544 Auchy-lès-Hesdin
22%
4 656 Auchy-les-Mines
22%
217 Capelle-Fermont
22%
3 582 Lumbres
22%
1 594 Neuville-Saint-Vaast
22%
2 297 Noyelles-lès-Vermelles
22%
829 Noyelles-sous-Bellonne
22%
6 590 Noyelles-sous-Lens
22%
5 428 Audruicq
21%
676 Campagne-lès-Boulonnais
21%
437 Campagne-lès-Guines
21%
1 945 Campagne-lès-Hesdin
21%
1 288 Campagne-lès-Wardrecques
21%
2 338 Fruges
21%
56 Noyelles-lès-Humières
21%
2 413 Vendin-lès-Béthune
21%
8 419 Vendin-le-Vieil
21%
7 981 Achicourt
20%
5 034 Billy-Berclau
20%
8 185 Billy-Montigny
20%
1 610 La Capelle-lès-Boulogne
20%
4 329 Rang-du-Fliers
20%
9 575 Sallaumines
20%
2 778 Anzin-Saint-Aubin
19%
132 Bus
19%
2 707 Camiers
19%
5 689 Dainville
19%
12 277 Harnes
19%
11 374 Méricourt
19%
5 451 Coulogne
18%
357 Estrée-Cauchy
18%
1 390 Fréthun
18%
8 029 Mazingarbe
18%
10 086 Montigny-en-Gohelle
18%
64 Neuville-au-Cornet
18%
168 Neuville-Bourjonval
18%
650 Neuville-sous-Montreuil
18%
496 Neuville-Vitasse
18%
594 Audinghen
17%
4 926 Blendecques
17%
5 511 Calonne-Ricouart
17%
1 543 Calonne-sur-la-Lys
17%
6 957 Divion
17%
3 745 Éperlecques
17%
2 624 Équihen-Plage
17%
947 Ham-en-Artois
17%
827 Hesdigneul-lès-Béthune
17%
805 Hesdigneul-lès-Boulogne
17%
8 683 Isbergues
17%
5 308 Loison-sous-Lens
17%
278 Loison-sur-Créquoise
17%
202 Aix-en-Ergny
16%
3 917 Aix-Noulette
16%
263 Bailleul-aux-Cornailles
16%
406 Bailleul-lès-Pernes
16%
1 428 Bailleul-Sir-Berthoult
16%
4 413 Biache-Saint-Vaast
16%
600 Clairmarais
16%
10 360 Courrières
16%
1 124 Fouquières-lès-Béthune
16%
6 333 Fouquières-lès-Lens
16%
652 Gouy-Saint-André
16%
7 066 Houdain
16%
8 230 Libercourt
16%
10 130 Oignies
16%
301 Sailly-au-Bois
16%
672 Sailly-en-Ostrevent
16%
2 520 Sailly-Labourse
16%
3 900 Sailly-sur-la-Lys
16%
1 101 Thérouanne
16%
8 750 Wingles
16%
7 456 Barlin
15%
1 332 Dannes
15%
5 733 Douvrin
15%
219 Escalles
15%
949 Fauquembergues
15%
1 639 Licques
15%
1 606 Pernes
15%
414 Pernes-lès-Boulogne
15%
3 048 Rinxent
15%
6 035 Sains-en-Gohelle
15%
155 Sains-lès-Fressin
15%
327 Sains-lès-Marquion
15%
306 Sains-lès-Pernes
15%
5 094 Saint-Étienne-au-Mont
15%
3 377 Saint-Léonard
15%
2 510 Verton
15%
2 563 Auxi-le-Château
14%
55 Avesnes
14%
1 820 Avesnes-le-Comte
14%
167 Avesnes-lès-Bapaume
14%
311 Azincourt
14%
5 509 Beaurains
14%
437 Haute-Avesnes
14%
1 737 Helfaut
14%
754 Pas-en-Artois
14%
364 Sauchy-Cauchy
14%
4 767 Vermelles
14%
4 732 Vitry-en-Artois
14%
4 777 Angres
13%
734 Aubin-Saint-Vaast
13%
2 482 Condette
13%
208 Estrée-Wamin
13%
380 Frévin-Capelle
13%
6 748 Grenay
13%
6 196 Hersin-Coupigny
13%
208 La Cauchie
13%
4 969 Laventie
13%
5 524 Marles-les-Mines
13%
313 Marles-sur-Canche
13%
592 Nielles-lès-Ardres
13%
898 Nielles-lès-Bléquin
13%
286 Nielles-lès-Calais
13%
2 643 Souchez
13%
150 Tardinghen
13%
3 477 Verquin
13%
1 929 Ablain-Saint-Nazaire
12%
5 807 Annezin
12%
507 Capelle-lès-Hesdin
12%
2 723 Cauchy-à-la-Tour
12%
473 Courcelles-le-Comte
12%
8 166 Courcelles-lès-Lens
12%
330 Croix-en-Ternois
12%
5 927 Dourges
12%
2 844 Éleu-dit-Leauwette
12%
2 003 Givenchy-en-Gohelle
12%
150 Givenchy-le-Noble
12%
1 023 Givenchy-lès-la-Bassée
12%
2 040 Les Attaques
12%
5 104 Lestrem
12%
8 925 Rouvroy
12%
122 Saint-Michel-sous-Bois
12%
854 Saint-Michel-sur-Ternoise
12%
257 Wail
12%
3 308 Wizernes
12%
1 788 Zutkerque
12%
1 479 Aubigny-en-Artois
11%
2 071 Beaurainville
11%
565 Belle-et-Houllefort
11%
612 Bours
11%
2 821 Chocques
11%
290 Estrée
11%
915 Estrée-Blanche
11%
1 163 Houlle
11%
454 Hucqueliers
11%
2 454 Marœuil
11%
297 Monchy-Cayeux
11%
784 Peuplingues
11%
218 Tilloy-lès-Hermaville
11%
1 475 Tilloy-lès-Mofflaines
11%
1 077 Tilques
11%
969 Achiet-le-Grand
10%
312 Achiet-le-Petit
10%
189 Airon-Saint-Vaast
10%
1 552 Andres
10%
241 Beaumetz-lès-Aire
10%
559 Beaumetz-lès-Cambrai
10%
999 Beaumetz-lès-Loges
10%
635 Bonningues-lès-Ardres
10%
572 Bonningues-lès-Calais
10%
128 Colline-Beaumont
10%
1 686 Écourt-Saint-Quentin
10%
2 779 Fleurbaix
10%
325 Gouy-en-Artois
10%
132 Gouy-en-Ternois
10%
350 Gouy-Servins
10%
1 392 Gouy-sous-Bellonne
10%
4 864 Haillicourt
10%
1 252 Landrethun-le-Nord
10%
775 Landrethun-lès-Ardres
10%
279 Lattre-Saint-Quentin
10%
7 236 Leforest
10%
521 Ligny-Thilloy
10%
2 361 Locon
10%
545 Monchy-au-Bois
10%
526 Monchy-Breton
10%
657 Monchy-le-Preux
10%
63 Monts-en-Ternois
10%
1 136 Moulle
10%
2 087 Rety
10%
2 628 Richebourg
10%
1 105 Saint-Josse
10%
3 041 Saint-Venant
10%
1 239 Thélus
10%
1 440 Vieille-Église
10%
614 Villers-au-Bois
10%
246 Villers-au-Flos
10%
368 Villers-Brûlin
10%
130 Villers-Châtel
10%
256 Villers-lès-Cagnicourt
10%
260 Villers-l'Hôpital
10%
126 Villers-Sir-Simon
10%
1 041 Wailly-Beaucamp
10%
805 Acq
9%
1 891 Agny
9%
4 477 Annay
9%
1 296 Baincthun
9%
821 Bois-Bernard
9%
2 376 Bouvigny-Boyeffles
9%
2 812 Burbure
9%
1 244 Busnes
9%
950 Colembert
9%
400 Dennebrœucq
9%
1 374 Duisans
9%
590 Fresnes-lès-Montauban
9%
1 514 Groffliers
9%
3 380 Hulluch
9%
1 154 Isques
9%
2 912 Labourse
9%
3 525 Lapugnoy
9%
568 Ligny-lès-Aire
9%
244 Ligny-Saint-Flochel
9%
187 Ligny-sur-Canche
9%
1 070 Marconne
9%
976 Marquion
9%
3 728 Meurchin
9%
1 016 Mont-Saint-Éloi
9%
1 377 Norrent-Fontes
9%
1 743 Nortkerque
9%
710 Nouvelle-Église
9%
801 Saint-Inglevert
9%
1 391 Tournehem-sur-la-Hem
9%
2 021 Verquigneul
9%
3 814 Violaines
9%
1 076 Wailly
9%
226 Wierre-au-Bois
9%
867 Wierre-Effroy
9%
811 Attin
8%
398 Bazinghen
8%
704 Blangy-sur-Ternoise
8%
469 Boiry-Becquerelle
8%
439 Boiry-Notre-Dame
8%
402 Boiry-Sainte-Rictrude
8%
841 Bourthes
8%
5 128 Brebières
8%
1 961 Croisilles
8%
2 935 Drocourt
8%
2 178 Ecques
8%
380 Écurie
8%
604 Farbus
8%
1 751 Ferques
8%
3 348 Frévent
8%
1 112 Guemps
8%
2 413 Hinges
8%
2 643 La Couture
8%
738 Le Parcq
8%
238 Maisnil
8%
1 698 Maisnil-lès-Ruitz
8%
1 336 Nordausques
8%
1 214 Offekerque
8%
503 Pihen-lès-Guînes
8%
1 521 Ruitz
8%
2 318 Saint-Folquin
8%
817 Saint-Hilaire-Cottes
8%
1 151 Serques
8%
365 Sus-Saint-Léger
8%
811 Tincques
8%
1 240 Wavrans-sur-l'Aa
8%
195 Wavrans-sur-Ternoise
8%
2 871 Allouagne
7%
2 143 Annequin
7%
736 Anvin
7%
886 Arleux-en-Gohelle
7%
1 058 Athies
7%
437 Bellebrune
7%
350 Bénifontaine
7%
248 Boisleux-Saint-Marc
7%
1 774 Camblain-Châtelain
7%
671 Camblain-l'Abbé
7%
804 Cléty
7%
1 113 Conchil-le-Temple
7%
1 751 Cuinchy
7%
1 758 Essars
7%
4 662 Évin-Malmaison
7%
1 268 Festubert
7%
1 027 Feuchy
7%
2 512 Gonnehem
7%
4 416 Haisnes
7%
1 457 Hames-Boucres
7%
1 217 Hardinghen
7%
1 056 Izel-lès-Équerchin
7%
730 Izel-lès-Hameau
7%
1 662 Labeuvrière
7%
1 504 Longfossé
7%
1 589 Lorgies
7%
2 006 Mametz
7%
181 Manin
7%
307 Maninghen-Henne
7%
1 090 Marconnelle
7%
1 067 Nesles
7%
3 116 Pont-à-Vendin
7%
2 218 Racquinghem
7%
1 071 Rebreuve-Ranchicourt
7%
188 Rebreuve-sur-Canche
7%
1 125 Rivière
7%
783 Roclincourt
7%
1 404 Rœux
7%
1 947 Roquetoire
7%
1 612 Ruminghem
7%
338 Saint-Georges
7%
765 Saint-Tricat
7%
694 Seninghem
7%
1 354 Wardrecques
7%
999 Wittes
7%
1 033 Zudausques
7%
599 Acheville
6%
458 Audembert
6%
1 225 Balinghem
6%
496 Berles-Monchel
6%
537 Beussent
6%
861 Brimeux
6%
728 Caffiers
6%
1 221 Cambrin
6%
1 192 Delettes
6%
725 Diéval
6%
630 Doudeauville
6%
384 Echinghen
6%
694 Écuires
6%
335 Erny-Saint-Julien
6%
1 209 Fampoux
6%
856 Fiennes
6%
106 Fontaine-lès-Boulans
6%
262 Fontaine-lès-Croisilles
6%
111 Fontaine-lès-Hermans
6%
97 Fontaine-l'Étalon
6%
896 Frencq
6%
801 Fresnicourt-le-Dolmen
6%
583 Fressin
6%
817 Gavrelle
6%
492 Heuchin
6%
1 371 Heuringhem
6%
869 Huby-Saint-Leu
6%
599 La Calotterie
6%
892 La Comté
6%
1 058 Lambres
6%
945 Louches
6%
726 Mercatel
6%
1 435 Neuve-Chapelle
6%
383 Oppy
6%
750 Ourton
6%
947 Pihem
6%
870 Polincove
6%
625 Quiestède
6%
270 Radinghem
6%
272 Recques-sur-Course
6%
655 Recques-sur-Hem
6%
588 Renty
6%
1 335 Robecq
6%
270 Saint-Aubin
6%
492 Salperwick
6%
589 Setques
6%
637 Wancourt
6%
224 Wisques
6%
609 Zoteux
6%
796 Acquin-Westbécourt
5%
662 Agnez-lès-Duisans
5%
306 Alincthun
5%
994 Alquines
5%
627 Ames
5%
461 Amettes
5%
363 Bajus
5%
1 010 Bayenghem-lès-Éperlecques
5%
328 Bayenghem-lès-Seninghem
5%
206 Bellonne
5%
520 Berles-au-Bois
5%
460 Beuvrequen
5%
75 Boubers-lès-Hesmond
5%
580 Boubers-sur-Canche
5%
787 Bouquehault
5%
1 294 Brêmes
5%
1 454 Bucquoy
5%
239 Buire-au-Bois
5%
759 Buire-le-Sec
5%
284 Campigneulles-les-Grandes
5%
544 Campigneulles-les-Petites
5%
796 Carency
5%
607 Carly
5%
81 Conteville-en-Ternois
5%
518 Conteville-lès-Boulogne
5%
2 272 Corbehem
5%
150 Coupelle-Neuve
5%
602 Coupelle-Vieille
5%
602 Coyecques
5%
796 Crémarest
5%
463 Créquy
5%
834 Dohem
5%
314 Douchy-lès-Ayette
5%
1 613 Enquin-lez-Guinegatte
5%
268 Enquin-sur-Baillons
5%
246 Eps
5%
2 031 Estevelles
5%
895 Ferfay
5%
222 Flers
5%
1 629 Fouquereuil
5%
308 Gauchin-Légal
5%
811 Gauchin-Verloingt
5%
949 Gosnay
5%
1 388 Guarbecque
5%
225 Hervelinghen
5%
512 Leulinghen-Bernes
5%
198 Le Wast
5%
533 Lottinghen
5%
466 Mazinghem
5%
1 326 Mont-Bernanchon
5%
712 Muncq-Nieurlet
5%
585 Neuvireuil
5%
266 Nort-Leulinghem
5%
269 Offrethun
5%
503 Ouve-Wirquin
5%
701 Quesques
5%
729 Quiéry-la-Motte
5%
117 Saint-Amand
5%
105 Saint-Rémy-au-Bois
5%
891 Savy-Berlette
5%
1 133 Servins
5%
839 Tortequesne
5%
575 Tubersent
5%
551 Valhuon
5%
1 079 Vaudricourt
5%
631 Verchocq
5%
833 Vieille-Chapelle
5%
264 Wacquinghen
5%
716 Wanquetin
5%
657 Willerval
5%
748 Wirwignes
5%
596 Zouafques
5%
282 Adinfer
4%
256 Affringues
4%
245 Airon-Notre-Dame
4%
622 Alembon
4%
385 Alette
4%
662 Audincthun
4%
288 Autingues
4%
593 Avroult
4%
217 Bainghen
4%
463 Baralle
4%
275 Bécourt
4%
1 084 Bellinghem
4%
466 Berneville
4%
913 Bertincourt
4%
466 Beugin
4%
446 Beutin
4%
383 Bezinghem
4%
338 Bihucourt
4%
492 Bléquin
4%
903 Blessy
4%
510 Boisleux-au-Mont
4%
653 Bomy
4%
507 Bouin-Plumoison
4%
254 Boursin
4%
642 Bréxent-Énocq
4%
408 Brunembert
4%
763 Coulomby
4%
512 Courset
4%
265 Croisette
4%
868 Elnes
4%
476 Escœuilles
4%
1 631 Esquerdes
4%
316 Étrun
4%
614 Febvin-Palfart
4%
501 Ficheux
4%
514 Fillièvres
4%
480 Fléchin
4%
883 Floringhem
4%
71 Fresnoy
4%
235 Fresnoy-en-Gohelle
4%
295 Grigny
4%
658 Habarcq
4%
1 211 Hallines
4%
161 Herlin-le-Sec
4%
308 Herly
4%
418 Hermelinghen
4%
718 Houchin
4%
214 Humières
4%
150 Labroye
4%
369 Laires
4%
240 Lebiez
4%
230 Lefaux
4%
289 Lépine
4%
340 Le Quesnoy-en-Artois
4%
297 Leubringhen
4%
258 Leulinghem
4%
147 Longueville
4%
1 300 Lozinghem
4%
145 Lugy
4%
640 Magnicourt-en-Comte
4%
103 Magnicourt-sur-Canche
4%
1 038 Maresquel-Ecquemicourt
4%
664 Menneville
4%
668 Merck-Saint-Liévin
4%
224 Nabringhen
4%
256 Œuf-en-Ternois
4%
522 Parenty
4%
765 Pelves
4%
117 Pittefaux
4%
457 Plouvain
4%
310 Pommera
4%
623 Preures
4%
348 Ramecourt
4%
395 Ransart
4%
453 Rely
4%
550 Rodelinghem
4%
280 Rollancourt
4%
246 Rumilly
4%
380 Sainte-Austreberthe
4%
495 Saint-Léger
4%
351 Sanghen
4%
771 Saulty
4%
320 Selles
4%
268 Senlecques
4%
162 Senlis
4%
914 Sorrus
4%
640 Surques
4%
267 Tangry
4%
835 Thiembronne
4%
294 Tingry
4%
90 Vaulx
4%
502 Verlincthun
4%
376 Vieil-Moutier
4%
644 Vis-en-Artois
4%
435 Waben
4%
382 Warlus
4%
245 Widehem
4%
512 Wismes
4%
599 Witternesse
4%
301 Amplier
3%
522 Audrehem
3%
293 Averdoingt
3%
324 Ayette
3%
220 Bailleulmont
3%
232 Bailleulval
3%
207 Barly
3%
396 Bavincourt
3%
406 Beaufort-Blavincourt
3%
226 Beaulencourt
3%
374 Beauvoir-Wavans
3%
134 Béhagnies
3%
218 Bergueneuse
3%
178 Bernieulles
3%
654 Bienvillers-au-Bois
3%
109 Bimont
3%
244 Boisdinghem
3%
502 Boisjean
3%
682 Bonnières
3%
589 Bourecq
3%
1 133 Bourlon
3%
231 Bournonville
3%
246 Bouvelinghem
3%
293 Brias
3%
227 Bullecourt
3%
426 Cagnicourt
3%
338 Cambligneul
3%
152 Canlers
3%
334 Caucourt
3%
158 Caumont
3%
245 Chelers
3%
185 Clenleu
3%
320 Clerques
3%
221 Conchy-sur-Canche
3%
312 Cormont
3%
153 Crépy
3%
610 Drouvin-le-Marais
3%
318 Dury
3%
131 Écoivres
3%
490 Écoust-Saint-Mein
3%
231 Embry
3%
236 Ergny
3%
391 Ervillers
3%
390 Fiefs
3%
240 Frévillers
3%
124 Gennes-Ivergny
3%
130 Guigny
3%
15 Guinecourt
3%
470 Hamblain-les-Prés
3%
308 Hauteville
3%
389 Havrincourt
3%
521 Hébuterne
3%
316 Hendecourt-lès-Cagnicourt
3%
139 Hendecourt-lès-Ransart
3%
186 Héninel
3%
280 Henneveux
3%
405 Herbinghen
3%
83 Héricourt
3%
536 Hermaville
3%
1 159 Hermies
3%
209 Hermin
3%
159 Hesmond
3%
270 Hubersent
3%
578 Inchy-en-Artois
3%
160 Inxent
3%
288 Journy
3%
248 Lacres
3%
319 Lagnicourt-Marcel
3%
205 La Loge
3%
151 La Madelaine-sous-Montreuil
3%
327 Ledinghem
3%
160 Le Sars
3%
404 Lespesses
3%
367 Lières
3%
343 Liettres
3%
192 Linghem
3%
609 Lisbourg
3%
145 Maninghem
3%
240 Marenla
3%
647 Mentque-Nortbécourt
3%
615 Metz-en-Couture
3%
561 Mondicourt
3%
396 Montcavrel
3%
556 Moringhem
3%
286 Moyenneville
3%
152 Nédon
3%
350 Nédonchel
3%
202 Nempont-Saint-Firmin
3%
161 Noyellette
3%
488 Nuncq-Hautecôte
3%
381 Oblinghem
3%
234 Pommier
3%
647 Puisieux
3%
643 Quéant
3%
544 Quelmes
3%
448 Quernes
3%
324 Questrecques
3%
261 Rebreuviette
3%
213 Regnauville
3%
358 Remilly-Wirquin
3%
378 Rémy
3%
182 Rimboval
3%
528 Roëllecourt
3%
43 Rombly
3%
140 Royon
3%
204 Ruisseauville
3%
323 Sachin
3%
824 Saint-Augustin
3%
159 Saint-Denœux
3%
625 Saint-Floris
3%
319 Sempy
3%
172 Torcy
3%
296 Troisvaux
3%
501 Vaudringhem
3%
233 Wamin
3%
231 Ablainzevelle
2%
255 Agnières
2%
273 Aix-en-Issart
2%
120 Ambricourt
2%
217 Ambrines
2%
148 Aubrometz
2%
201 Aumerval
2%
34 Avondance
2%
86 Bancourt
2%
319 Barastre
2%
134 Basseux
2%
128 Béalencourt
2%
90 Beaudricourt
2%
136 Beauvois
2%
280 Berlencourt-le-Cauroy
2%
172 Bermicourt
2%
143 Béthonsart
2%
174 Beugnâtre
2%
358 Beugny
2%
96 Biefvillers-lès-Bapaume
2%
307 Blairville
2%
94 Blangerval-Blangermont
2%
157 Blingel
2%
48 Boffles
2%
249 Bouret-sur-Canche
2%
130 Boyaval
2%
362 Boyelles
2%
158 Brévillers
2%
294 Buissy
2%
182 Buneville
2%
71 Canettemont
2%
290 Chérisy
2%
343 Contes
2%
88 Couin
2%
125 Coullemont
2%
74 Couturelle
2%
90 Denier
2%
300 Douriez
2%
506 Ecquedecques
2%
549 Épinoy
2%
237 Érin
2%
346 Estréelles
2%
455 Étaing
2%
258 Éterpigny
2%
111 Famechon
2%
245 Favreuil
2%
109 Fleury
2%
412 Foncquevillers
2%
216 Fortel-en-Artois
2%
128 Fosseux
2%
109 Framecourt
2%
237 Frémicourt
2%
201 Galametz
2%
210 Gaudiempré
2%
153 Gomiécourt
2%
89 Gommecourt
2%
200 Gouves
2%
649 Graincourt-lès-Havrincourt
2%
381 Grand-Rullecourt
2%
358 Grévillers
2%
29 Grincourt-lès-Pas
2%
378 Guémappe
2%
270 Guisy
2%
310 Halinghen
2%
202 Halloy
2%
267 Hamelincourt
2%
196 Hannescamps
2%
185 Haplincourt
2%
54 Haravesnes
2%
213 Haucourt
2%
216 Hautecloque
2%
176 Haut-Loquin
2%
161 Hénu
2%
107 Herlincourt
2%
548 Hernicourt
2%
225 Hestrus
2%
128 Hézecques
2%
111 Hocquinghen
2%
238 Houvin-Houvigneul
2%
154 Huclier
2%
218 Humbercamps
2%
238 Humbert
2%
180 Humerœuille
2%
86 Incourt
2%
243 Ivergny
2%
139 La Herlière
2%
494 La Thieuloye
2%
46 Léchelle
2%
213 Le Ponchel
2%
185 Le Souich
2%
227 Lespinoy
2%
430 Le Transloy
2%
297 Liencourt
2%
141 Lignereuil
2%
171 Linzeux
2%
256 Longvilliers
2%
456 Maintenay
2%
121 Maisoncelle
2%
203 Maizières
2%
60 Marant
2%
282 Marest
2%
101 Maresville
2%
192 Martinpuich
2%
175 Matringhem
2%
76 Mencas
2%
233 Mingoval
2%
146 Moncheaux-lès-Frévent
2%
77 Monchel-sur-Canche
2%
446 Montenescourt
2%
89 Morval
2%
308 Mory
2%
241 Mouriez
2%
25 Neulette
2%
141 Noreuil
2%
199 Offin
2%
1 175 Oisy-le-Verger
2%
370 Orville
2%
213 Ostreville
2%
573 Palluel
2%
488 Penin
2%
316 Pierremont
2%
102 Planques
2%
309 Pressy
2%
275 Quercamps
2%
66 Quilen
2%
226 Quœux-Haut-Maînil
2%
233 Raye-sur-Authie
2%
374 Rebergues
2%
233 Reclinghem
2%
31 Riencourt-lès-Bapaume
2%
249 Riencourt-lès-Cagnicourt
2%
289 Rocquigny
2%
238 Roussent
2%
693 Rumaucourt
2%
281 Ruyaulcourt
2%
193 Sapignies
2%
77 Sars-le-Bois
2%
189 Sarton
2%
466 Sauchy-Lestrée
2%
433 Saudemont
2%
317 Saulchoy
2%
49 Séricourt
2%
110 Sibiville
2%
557 Simencourt
2%
278 Siracourt
2%
228 Sombrin
2%
378 Souastre
2%
155 Tilly-Capelle
2%
92 Tollent
2%
219 Tortefontaine
2%
57 Tramecourt
2%
175 Trescault
2%
75 Vacquerie-le-Boucq
2%
1 047 Vaulx-Vraucourt
2%
132 Vélu
2%
233 Verchin
2%
154 Vincly
2%
261 Wambercourt
2%
132 Warlencourt-Eaucourt
2%
156 Warlincourt-lès-Pas
2%
224 Warluzel
2%
253 Westrehem
2%
271 Wicquinghem
2%
183 Willeman
2%
137 Willencourt
2%
433 Ytres
2%
159 Chériennes
1%
181 Éclimeux
1%
81 Équirre
1%
159 Foufflin-Ricametz
1%
233 Lebucquière
1%
179 Marquay
1%
98 Monchiet
1%
209 Morchies
1%
189 Prédefin
1%
316 Pronville-en-Artois
1%
248 Récourt
1%
89 Rougefay
1%
258 Teneur
1%
139 Ternas
1%
97 Thièvres
1%
252 Vacqueriette-Erquières
1%
Aucun quiz correspondant
Distribution des résultats
% des personnes avec chaque résultat
Percentile par nombre de réponses
Votre historique - résultats
Vous n’avez pas pris ce quiz